000080106 001__ 80106
000080106 005__ 20251001112453.0
000080106 008__ 121008d1759 sp r 000 0 spa d
000080106 037__ $$aCAJ_29_721ar
000080106 040__ $$aUZ.GRL
000080106 080__ $$a821.134.2-17"17"
000080106 080__ $$a929 Carlos III, Rey de España
000080106 1001_ $$aVergara, Eusebio Marcelino de
000080106 245__ $$aTiempo presente indicativo de las ansias de la Corte, por el feliz arribo de su catholico monarca Don Carlos Tercero, ... /$$ccuyo futuro imperfecto conjuga como por sueño Don Diego Marcos Abreu Veleneira, en las siguientes seri-joco-rithmicas Octavas
000080106 260__ $$aEn Zaragoza$$bPor Joseph Fort$$cAño 1759
000080106 300__ $$a[12] p.$$c8º (20 cm)
000080106 500__ $$aDiego Marcos Abreu Veleneira es seudónimo de Eusebio Marcelino de Vergara. Durante un tiempo se atribuyó al Padre Isla
000080106 500__ $$aCruz de Malta al comienzo del texto
000080106 5104_ $$aJiménez Catalán. Tip. zaragozana del S. XVIII, 870
000080106 540__ $$9info:eu-repo/semantics/openAccess$$aby$$uhttps://creativecommons.org/licenses/by/4.0/deed.es
000080106 597__ $$aSign.: A6
000080106 60004 $$aCarlos$$bIII$$cRey de España$$xPoesía satírica
000080106 65004 $$aPoesía satírica española$$yS. XVIII
000080106 7001_ $$aFort, José$$eimp
000080106 752__ $$aEspaña$$bAragón$$dZaragoza
000080106 8564_ $$s231109$$uhttps://zaguan.unizar.es/record/80106/files/CAJ_29_721ar.xml$$yFichero METS
000080106 8564_ $$s4343025$$uhttps://zaguan.unizar.es/record/80106/files/CAJ_29_721ar.pdf$$yTexto completo (PDF)
000080106 907__ $$a.b16465350$$b30-04-19$$c08-10-12
000080106 909CO $$ooai:zaguan.unizar.es:80106$$pfondo-historico$$pdriver
000080106 945__ $$aCAJ 29-721ar$$g1$$l100d$$nDIGITALIZACION JUNIO 2019$$ou$$p€0.00$$q-$$rf$$s-$$t20$$u0$$v0$$w0$$x0$$y.i20037119$$z08-10-12
000080106 980__ $$aFH$$bfondos
000080106 998__ $$a100$$b08-10-12$$cm$$da$$ea$$fspa$$gsp$$h0$$i0